|
|
|
|
| LEADER |
00000nam0a2200000 4500 |
| 001 |
137496 |
| 005 |
20231031141057.0 |
| 010 |
|
|
|a 5610006201
|
| 020 |
|
|
|a RU
|b 91-37803
|
| 035 |
|
|
|a (RuTPU)RU\TPU\book\149015
|
| 090 |
|
|
|a 137496
|
| 100 |
|
|
|a 20080513d1991 e y0rusy5003 ca
|
| 101 |
1 |
|
|a rus
|c kaz
|
| 102 |
|
|
|a KZ
|
| 105 |
|
|
|a a z 000ay
|
| 200 |
1 |
|
|a Пожар
|e повесть
|e для старшего школьного возраста
|f В. Г. Распутин
|g худож. К. Айткалиев
|
| 210 |
|
|
|a Алма-Ата
|c Жалын
|d 1991
|
| 215 |
|
|
|a 224 с.
|c ил.
|d 22 см
|
| 225 |
1 |
|
|a В кругу друзей
|
| 423 |
|
|
|t Тропа
|o повесть
|f С. Н. Жунусов
|g пер. с казах. В. А. Солоухин
|a Жунусов, Сакен Нурмаркович
|
| 610 |
1 |
|
|a советская литература
|
| 610 |
1 |
|
|a казахская литература
|
| 610 |
1 |
|
|a повести
|
| 675 |
|
|
|a Р2
|z rus
|
| 700 |
|
1 |
|a Распутин
|b В. Г.
|c русский писатель
|c прозаик
|f 1937-
|g Валентин Григорьевич
|2 stltpush
|3 (RuTPU)RU\TPU\pers\17228
|
| 702 |
|
1 |
|a Айткалиев
|b К.
|4 440
|
| 801 |
|
0 |
|a RU
|b RuMRKP
|c 19950417
|g psbo
|
| 801 |
|
1 |
|a RU
|b 63413507
|c 20080513
|g PSBO
|
| 801 |
|
2 |
|a RU
|b 63413507
|c 20161017
|g PSBO
|
| 942 |
|
|
|c BK
|